Catálogo
 En Linea

Aconcagua : (Registro nro. 30403)

Detalles MARC
000 -CABECERA
campo de control de longitud fija 00450nam a2200145 a 4500
001 - NÚMERO DE CONTROL
campo de control 000030911
005 - FECHA Y HORA DE LA ÚLTIMA TRANSACCIÓN
campo de control 20250404193304.0
008 - DATOS DE LONGITUD FIJA--INFORMACIÓN GENERAL
campo de control de longitud fija 110606s1950 dr 000 0 spa d
040 ## - FUENTE DE LA CATALOGACIÓN
Centro catalogador/agencia de origen DO-SdBNP
Lengua de catalogación spa
Centro/agencia transcriptor BNPHU
049 ## - FONDOS LOCALES (OCLC)
Fondos de biblioteca BNPD
100 1# - ENTRADA PRINCIPAL--NOMBRE DE PERSONA
Nombre de persona Sanz Lajara, J. M.
Fechas asociadas al nombre 1917-1963
Forma completa/desarrollada del nombre (José Mariano),
9 (RLIN) 6623
245 10 - MENCIÓN DE TÍTULO
Título Aconcagua :
Resto del título viajes y cuentos /
Mención de responsabilidad, etc. J. M. Sanz Lajara.
260 ## - PUBLICACIÓN, DISTRIBUCIÓN, ETC.
Lugar de publicación, distribución, etc. Buenos Aires :
Nombre del editor, distribuidor, etc. Editorial Americalee,
Fecha de publicación, distribución, etc. 1950.
300 ## - DESCRIPCIÓN FÍSICA
Extensión 252 p. ;
Dimensiones 22 cm.
Existencias
Estado de retiro Estado de pérdida Restricciones de uso No para préstamo Código de colección Localización permanente Ubicación/localización actual Ubicación en estantería Fecha de adquisición Número de inventario Total de préstamos Signatura topográfica completa Código de barras Fecha visto por última vez Precio válido a partir de Tipo de ítem Koha Nota pública
      Excluido de préstamo Raros y valiosos Patrimonio Dominicano Patrimonio Dominicano En catalogación 06.06.2011 LF1   30911-10 25.06.2020 25.06.2020 No se presta Perteneció a la biblioteca personal de Martínez Boog.

Con tecnología Koha